Statistics for Songs in Movies

Click here to take the quiz!

General Stats

  • This quiz has been taken 30 times
  • The average score is 8 of 20

Answer Stats

SongMovie% Correct
My Heart Will Go OnTitanic
85%
Eye of the TigerRocky III
70%
Take My Breath AwayTop Gun
70%
I Will Always Love YouThe Bodyguard
63%
ShallowA Star is Born
59%
Don't You (Forget About Me)The Breakfast Club
59%
Mrs. RobinsonThe Graduate
59%
Everything Is Awesome!!!The LEGO Movie
52%
HappyDespicable Me 2
48%
Can't Stop the Feeling!Trolls
44%
Kiss From a RoseBatman Forever
41%
I Believe I Can FlySpace Jam
41%
SunflowerSpider Man: Into the Spider-Verse
19%
All the StarsBlack Panther
11%
IrisCity of Angels
11%
Just Like FireAlice Through the Looking Glass
7%
Another Way to DieQuantum of Solace
7%
When Can I See You Again?Wreck-It-Ralph
7%
ImmortalsBig Hero 6
4%
You Might ThinkCars 2
0%

Score Distribution

Percentile by Number Answered

Percent of People with Each Score

Your Score History

You have not taken this quiz